Najlepsi Polscy siatkarze - Statystyki

Ogólne statystyki
  • Ten quiz został rozwiązany 1 733 razy
  • Średni wynik to 13 z 21
Statystyki odpowiedzi
Pozycja Odpowiedź % Poprawnych
Atakujący Kurek
98%
Libero Zatorski
85%
Przyjmujący Leon
82%
Przyjmujący Śliwka
80%
Środkowy Kochanowski
78%
Środkowy Kłos
77%
Przyjmujący Kubiak
77%
Środkowy Bieniek
75%
Rozgrywający Drzyzga
73%
Rozgrywający Łomacz
68%
Środkowy Nowakowski
66%
Atakujący Kaczmarek
60%
Libero Popiwczak
59%
Libero Wojtaszek
56%
Przyjmujący Bednorz
50%
Przyjmujący Kwolek
48%
Przyjmujący Szalpuk
48%
Atakujący Konarski
46%
Atakujący Muzaj
44%
Rozgrywający Komenda
35%
Środkowy Wiśniewski
13%
Nie znaleziono quizów pasujących do podanych kryteriów
Rozkład punktacji
Procent ludzi z każdym wynikiem
Percentyl według liczby udzielonych odpowiedzi
Twoja historia wyników
Nie rozwiązałeś tego quizu